000
00285nam a2200109Ia 4500
001
1263916
005
20260417141928.0
008
260417s9999 xx 000 0 und d
020
_a
9786258159851
245
0
_a
Dağlar Yıkıldığında
_c
Cengiz Aytmatov
260
_b
Ketebe Yayınları
999
_c
1263916
_d
1263916